Criterios preliminares para la elaboración del plan de cooperación técnica entre instituciones y programas educativos de los seis países de Centroamérica /
Salvato in:
| Autore principale: | |
|---|---|
| Enti autori: | , |
| Natura: | testo |
| Pubblicazione: |
Guatemala:
UNESCO
|
| Tags: |
Aggiungi Tag
Nessun Tag, puoi essere il primo ad aggiungerne!!
|
MARC
| LEADER | 00000 a a2200000 04500 | ||
|---|---|---|---|
| 001 | 20356 | ||
| 003 | |||
| 040 | |||
| 090 | |a 084800 | ||
| 100 | |a Guerra de Gutiérrez, Matilde | ||
| 110 | |a Coordinación Educativa Centroamericana | ||
| 245 | |a Criterios preliminares para la elaboración del plan de cooperación técnica entre instituciones y programas educativos de los seis países de Centroamérica / |c Coordinación Educativa Centroamericana | ||
| 260 | |a Guatemala: |b UNESCO | ||
| 300 | |a 159 p. | ||
| 710 | |a Guatemala. Ministerios de Educación el Area | ||
| 999 | |c 17174 |d 17174 | ||
